قطر الندى وبل الصدى / (رقم التسجيلة. 1173)

تفاصيل مارك
000 -الفاتح
حقل البيانات ثابتة الطول 01113cam a2200229a 44500
003 - محدد رقم الضبط
رقم الضبط OSt
005 - وقت وتاريخ اخر تعامل مع التسجيلة
رقم الضبط 20150408113726.0
008 - عناصر البيانات ثابتة الطول - معلومات عامة
حقل البيانات ثابتة الطول 030308n19uu le g 00000 ara dd
040 ## - مصدر الفهرسة
وكالة الفهرسة الأصلية SA-RiAUC
لغة الفهرسة ara
وكالة النسخ SA-RiAUC
041 ## - رمز اللغة
رمز لغة النص/ المسارات الصوتية أو العنوان الانفرادي عربي
072 ## - رمز الفئه الموضوعية
رمز فئه الموضوع 045
مجموعة رمز فئه الموضوع اللغة العربية
082 04 - رقم تصنيف ديوى العشرى
رقم التصنيف 415.1
092 ## - رقم استدعاء ديوى المحلى
رقم التصنيف 415.1
رقم المادة هـ ج ق
100 1# - المدخل الرئيسى - إسم شخصى
الإسم الشخصى ابن هشام، عبد الله بن يوسف بن أحمد،
التواريخ المصاحبة للاسم 708-761 هـ.
9 (RLIN) 1132
245 10 - بيان العنوان
العنوان قطر الندى وبل الصدى /
بيان المسئوليه,etc تصنيف ابن محمد عبد الله جمال الدين بن هشام الأنصاري. ومعه، كتاب سبيل الهدى بتحقيق شرح قطر الندى / تأليف محمد محيي الدين عبد الحميد.
260 ## - PUBLICATION, DISTRIBUTION, ETC. (IMPRINT)
مكان الناشر او الموزع بيروت
اسم الناشر او الموزع المكتبة العصرية،
تاريخ النشر أو التوزيع [19--].
300 ## - الوصف المادى
التعداد 352ص. ؛
أبعاد الوعاء 23 سم. 7
650 ## - المدخل الاضافى بالموضوع-مصطلح موضوعى
مصطلح موضوعي أو اسم جغرافي كعنصر مدخل اللغة العربية
التقسيم الفرعي العام النحو
مصدر الرأس أو المصطلح aucsh.12
700 ## - المدخل الاضافى - اسم شخصى
الإسم الشخصى عبد الحميد، محمد محيى الدين
عنوان العمل سبيل الهدى بتحقيق شرح قطر الندى.02
9 (RLIN) 1133
740 ## - المدخل الاضافى - عنوان مرتبط/تحليلى غير مقيد
العنوان التحليلي/ الرابط غير مقيد سبيل الهدى بتحقيق شرح قطر الندى.\\
942 ## - عناصر المدخل الإضافي( كوها)
مصدر التصنيف او مخطط الترفيف Dewey Decimal Classification
Koha [default] item type كتاب
المقتنيات
حالة الفقد نموذج السعر الفعال حالة تلف ليس للاعارة رقم الطلب تاريخ الاكتساب الموقع الحالي الفرع الرئيسي Date last seen Total Checkouts الباركود نوع المادة فى نظام كوها مصدر التصنيف او خطة الترفيف Date last checked out
  2013-03-10     415.1 هـ ج ق 2011-05-17 مكتبة مجمع الطالبات بالمجمعة (EMF) مكتبة مجمع الطالبات بالمجمعة (EMF) 2013-03-10          
  2013-03-10     415.1 ه م ق 2011-08-23 مكتبة مجمع الطالبات بالمجمعة (EMF) مكتبة مجمع الطالبات بالمجمعة (EMF) 2013-03-10   2011--00100021350 كتاب Dewey Decimal Classification  
  2013-03-10     415.1 ه م ق 2011-08-27 مكتبة مجمع الطالبات بالمجمعة (EMF) مكتبة مجمع الطالبات بالمجمعة (EMF) 2013-03-10   00021046 كتاب Dewey Decimal Classification  
  2013-03-10     415.1 هـ م ق 2011-09-02 مكتبة مجمع الطالبات بالمجمعة (EMF) مكتبة مجمع الطالبات بالمجمعة (EMF) 2013-03-10   00021045 كتاب Dewey Decimal Classification  
  2013-03-10     415.1 هـ م ق 2011-12-11 مكتبة مجمع الكليات بالزلفى - طلاب (SZM) مكتبة كلية التربية بالزلفى - طالبات (EZF) 2024-05-09 5 00011421 كتاب Dewey Decimal Classification 2023-09-05